header

British missions around the Gulf, 1575-2005 (Record no. 231415)

MARC details
000 -LEADER
fixed length control field 01578nam a2200349 a 4500
100 1# - MAIN ENTRY--AUTHOR NAME
Personal name Arbuthnott, Hugh.
245 10 - TITLE STATEMENT
Title British missions around the Gulf, 1575-2005
260 ## - PUBLICATION, DISTRIBUTION, ETC. (IMPRINT)
Place of publication Folkestone, Kent, U.K. :
Name of publisher Global Oriental,
Year of publication 2008.
300 ## - PHYSICAL DESCRIPTION
Number of Pages xx, 282 p., [32] p. of plates :
Other physical details ill. (some col.), maps (some col.)
505 0# - FORMATTED CONTENTS NOTE
Formatted contents note pt. 1. Iran -- pt. 2. Iraq -- pt. 3. Kuwait -- pt. 4. Oman.
650 #0 - SUBJECT ADDED ENTRY--TOPICAL TERM
Topical Term Diplomatic and consular service, British
700 1# - ADDED ENTRY--PERSONAL NAME
Personal name Clark, Terence.
Personal name Muir, R.
856 40 - ELECTRONIC LOCATION AND ACCESS
Uniform Resource Identifier http://site.ebrary.com/lib/rucke/Doc?id=10497402

No items available.

© 2026 Rongo University
Contact us: librarian | system librarian | Rongo university